[Event "Roncana op-C 9th"]
[Site "Santa Eulalia de Roncana"]
[Date "2015.10.24"]
[Round "3"]
[White "Perez Perez, Eric"]
[Black "Richard Tomas, Julien"]
[Result "1-0"]
[WhiteElo "1703"]
[BlackElo "1463"]
[PlyCount "33"]
[EventDate "2015.10.03"]
[EventType "swiss"]
[EventRounds "8"]
[EventCountry "ESP"]
[SourceTitle "EXT 2017"]
[Source "ChessBase"]
[SourceDate "2016.10.25"]
[SourceVersion "1"]
[SourceVersionDate "2016.10.25"]
[SourceQuality "1"]

1. d4 d5 2. Nf3 Nf6 3. g3 g6 4. Bg2 Bg7 5. 0-0 0-0 6. Nc3 Bf5 7. Bd2 Nc6 8. Be3 Nb4 9. Qd2 Bxc2 10. a3 Ne4 11. Qc1 Nxc3 12. bxc3 Be4 13. cxb4 Qd7 14. Bh6 Bxh6 15. Qxh6 Qb5 16. Ng5 Bxg2 17. Qxh7# 1-0

[Event "Roncana op-C 9th"]
[Site "Santa Eulalia de Roncana"]
[Date "2015.10.03"]
[Round "1"]
[White "Perez Perez, Eric"]
[Black "Ruiz Planas, Bernat"]
[Result "1-0"]
[WhiteElo "1703"]
[BlackElo "1377"]
[PlyCount "23"]
[EventDate "2015.10.03"]
[EventType "swiss"]
[EventRounds "8"]
[EventCountry "ESP"]
[SourceTitle "EXT 2017"]
[Source "ChessBase"]
[SourceDate "2016.10.25"]
[SourceVersion "1"]
[SourceVersionDate "2016.10.25"]
[SourceQuality "1"]

1. e4 e5 2. Nf3 Nc6 3. Bc4 Bc5 4. Ng5 Qxg5 5. 0-0 Nh6 6. c3 0-0 7. d3 Qe7 8. Qf3 d6 9. Qg3 Ng4 10. h3 Nf6 11. Bh6 Nh5 12. Qf3 1-0